000 00696nam a2200253Ia 4500
008 171120s9999 xx 000 0 und d
020 _a962258229x
050 _a959.9
050 _bK191 1998
245 _aUnder stars and stripes /
245 _cby Milagros C. Guerrero.
260 _aPhilippines :
260 _bAsia Publishing Company Limited,
260 _c1998
300 _a303 pages :
300 _bcolor illustrations ;
300 _c29cm.
440 _aKasaysayan : the story of the Filipino people ;
440 _v6
500 _aIncludes bibliographic reference and index.
650 _aPhilippines --
650 _aPhilippines.
650 _xHistory -- 1898-1946.
999 _c345413
_d345413